[Event "Wch U18"]
[Site "Porto Carras"]
[Date "2015.11.04"]
[Round "10"]
[White "Iovcov, Valerii"]
[Black "Bilguun, Sumiya"]
[Result "0-1"]
[WhiteElo "2421"]
[BlackElo "2348"]
[PlyCount "118"]
[EventDate "2015.10.25"]
[EventType "swiss"]
[EventRounds "11"]
[EventCountry "GRE"]
[SourceTitle "CBM 169 Extra"]
[Source "ChessBase"]
[SourceDate "2015.12.18"]
[SourceVersion "1"]
[SourceVersionDate "2015.12.18"]
[SourceQuality "1"]

1. e4 c5 2. Nf3 e6 3. d4 cxd4 4. Nxd4 a6 5. Nc3 Qc7 6. Bd3 Nf6 7. f4 d6 8. Qf3 b5 9. a3 Bb7 10. Be3 Nbd7 11. g4 e5 12. Nf5 h5 13. g5 Ng4 14. Bd2 g6 15. Ne3 Nxe3 16. Bxe3 exf4 17. Bxf4 Bg7 18. 0-0 0-0 19. Qg3 Ne5 20. Rad1 Rfe8 21. Be2 Rad8 22. Rf2 Nc4 23. Bxc4 Qxc4 24. Qd3 Qxd3 25. Rxd3 Bxe4 26. Nxe4 Rxe4 27. c3 Be5 28. Bxe5 Rxe5 29. h4 Re4 30. Rh2 d5 31. Kf2 d4 32. Kf3 Rg4 33. Rxd4 Rdxd4 34. cxd4 Rxd4 35. Kg3 b4 36. axb4 Rd3+ 37. Kf4 Rb3 38. b5 Rxb5 39. Rd2 Rb3 40. Ke5 Kg7 41. Rf2 Rb4 42. Rh2 a5 43. Kd6 Rb5 44. Rf2 Rb4 45. Rh2 f6 46. gxf6+ Kxf6 47. Rf2+ Kg7 48. Rh2 g5 49. Rg2 Rg4 50. Rc2 Rxh4 51. Ke5 Rf4 52. Rc7+ Rf7 53. Rc5 g4 54. Rxa5 Kg6 55. b4 g3 56. Ra2 h4 57. b5 Kg5 58. b6 Rb7 59. Rb2 Kg4 0-1

[Event "Wch U18"]
[Site "Porto Carras"]
[Date "2015.10.31"]
[Round "6"]
[White "Iovcov, Valerii"]
[Black "Jarmula, Lukasz"]
[Result "1-0"]
[WhiteElo "2421"]
[BlackElo "2321"]
[PlyCount "49"]
[EventDate "2015.10.25"]
[EventType "swiss"]
[EventRounds "11"]
[EventCountry "GRE"]
[SourceTitle "CBM 169 Extra"]
[Source "ChessBase"]
[SourceDate "2015.12.18"]
[SourceVersion "1"]
[SourceVersionDate "2015.12.18"]
[SourceQuality "1"]

1. e4 c5 2. Nf3 d6 3. d4 cxd4 4. Nxd4 Nf6 5. Nc3 g6 6. Be3 Bg7 7. f3 0-0 8. Qd2 Nc6 9. g4 Be6 10. Nxe6 fxe6 11. 0-0-0 Ne8 12. f4 Qa5 13. Bc4 Nc7 14. Bb3 Rad8 15. Ne2 Qa6 16. Qd3 b5 17. Rhf1 Qb7 18. Nd4 Nb4 19. Qd2 a5 20. Nxe6 Nxe6 21. Bxe6+ Kh8 22. Bd4 Qxe4 23. Bxg7+ Kxg7 24. Rde1 Qc6 25. a3 1-0

[Event "EU-chT U18"]
[Site "Karpacz"]
[Date "2015.07.19"]
[Round "7.25"]
[White "Iovcov, Valerii"]
[Black "Sibashvili, Giorgi"]
[Result "1-0"]
[WhiteElo "2421"]
[BlackElo "2422"]
[PlyCount "71"]
[EventDate "2015.07.13"]
[EventType "team-swiss"]
[EventRounds "7"]
[EventCountry "POL"]
[SourceTitle "CBM 167 Extra"]
[Source "ChessBase"]
[SourceDate "2015.09.14"]
[SourceVersion "1"]
[SourceVersionDate "2015.09.14"]
[SourceQuality "1"]
[WhiteTeam "Moldova (U18)"]
[BlackTeam "Nona (U18)"]
[WhiteTeamCountry "MDA"]
[BlackTeamCountry "GEO"]

1. e4 e6 2. d4 d5 3. Nc3 Bb4 4. e5 c5 5. a3 Bxc3+ 6. bxc3 Ne7 7. Nf3 b6 8. Bb5+ Bd7 9. Bd3 c4 10. Be2 Ba4 11. h4 h6 12. h5 Kd7 13. Nh4 Qg8 14. Be3 Qh7 15. Rc1 Nbc6 16. f4 a5 17. Qd2 Rhb8 18. 0-0 b5 19. Bf3 b4 20. axb4 axb4 21. f5 b3 22. cxb3 Bxb3 23. Bg4 Ra2 24. Qe1 Bc2 25. Rf2 Bb3 26. Rxa2 Bxa2 27. Qf1 Rb2 28. Ra1 Rc2 29. Rxa2 Rxa2 30. Qb1 exf5 31. Nxf5 Kc7 32. Qxa2 Nxf5 33. Qb1 g6 34. Bf4 Qg8 35. Bxf5 gxf5 36. e6+ 1-0

[Event "EU-chT U18"]
[Site "Karpacz"]
[Date "2015.07.13"]
[Round "1.1"]
[White "Bluebaum, Matthias"]
[Black "Iovcov, Valerii"]
[Result "1-0"]
[WhiteElo "2589"]
[BlackElo "2421"]
[PlyCount "91"]
[EventDate "2015.07.13"]
[EventType "team-swiss"]
[EventRounds "7"]
[EventCountry "POL"]
[SourceTitle "CBM 167 Extra"]
[Source "ChessBase"]
[SourceDate "2015.09.14"]
[SourceVersion "1"]
[SourceVersionDate "2015.09.14"]
[SourceQuality "1"]
[WhiteTeam "Germany (U18)"]
[BlackTeam "Moldova (U18)"]
[WhiteTeamCountry "GER"]
[BlackTeamCountry "MDA"]

1. d4 Nf6 2. c4 e6 3. Nf3 d5 4. Nc3 Be7 5. Qc2 0-0 6. Bg5 Nbd7 7. cxd5 exd5 8. e3 Re8 9. Bd3 Nf8 10. h3 Be6 11. Bf4 c6 12. Bh2 Rc8 13. 0-0 h6 14. Rab1 N8d7 15. b4 b5 16. a4 a5 17. Na2 axb4 18. axb5 cxb5 19. Qb2 Ne4 20. Nxb4 Nc3 21. Rbc1 Na4 22. Qb3 Rc4 23. Nc6 Qb6 24. Nxe7+ Rxe7 25. Rb1 Rc3 26. Qxb5 Qxb5 27. Bxb5 Nab6 28. Rfc1 Rxc1+ 29. Rxc1 Nc4 30. Ra1 Ndb6 31. Ne5 Nxe5 32. Bxe5 Nc4 33. Bg3 f5 34. Bc6 Kf7 35. Ra8 Nb6 36. Ra5 Nc4 37. Ra8 Nb6 38. Ra6 Nc4 39. h4 g5 40. Ra8 Nb6 41. Rh8 Kg6 42. Bd6 Ra7 43. h5+ Kxh5 44. Bf8 Ra1+ 45. Kh2 Kg6 46. Be8+ 1-0

[Event "EU-ch 16th"]
[Site "Jerusalem"]
[Date "2015.03.04"]
[Round "8"]
[White "Kerner, Michael"]
[Black "Iovcov, Valerii"]
[Result "0-1"]
[WhiteElo "2063"]
[BlackElo "2368"]
[PlyCount "120"]
[EventDate "2015.02.24"]
[EventType "swiss"]
[EventRounds "11"]
[EventCountry "ISR"]
[SourceTitle "CBM 166"]
[Source "ChessBase"]
[SourceDate "2015.05.11"]
[SourceVersion "1"]
[SourceVersionDate "2015.05.11"]
[SourceQuality "1"]

1. e4 c6 2. Nc3 d5 3. Nf3 Bg4 4. h3 Bh5 5. Be2 e6 6. d3 Nf6 7. 0-0 Be7 8. Ne5 Bxe2 9. Qxe2 0-0 10. Re1 Nbd7 11. Nxd7 Qxd7 12. Bf4 b5 13. Nb1 dxe4 14. dxe4 Rfd8 15. Nd2 Qd4 16. c3 Qd3 17. Qxd3 Rxd3 18. Nf3 Rc8 19. Rac1 h6 20. Kf1 Bc5 21. Be5 Bb6 22. Rc2 Nd7 23. Bg3 Nf6 24. Be5 Rd7 25. Bxf6 gxf6 26. Ke2 Rcd8 27. a4 Kf8 28. axb5 cxb5 29. Ra1 f5 30. exf5 exf5 31. g3 f4 32. gxf4 Re7+ 33. Kf1 Rd3 34. Kg2 f6 35. Ne1 Rd5 36. Kh2 Red7 37. Rac1 Rd2 38. Kg2 Bxf2 39. Nf3 Rxc2 40. Rxc2 Be3 41. Re2 Bb6 42. Nh4 Kf7 43. Kg3 h5 44. Nf5 Rd5 45. Nh4 Rd3+ 46. Nf3 Bc7 47. Re4 Bb6 48. Re2 Kg6 49. Re8 Kf5 50. Rh8 Bc7 51. Rh7 Bxf4+ 52. Kg2 Ke4 53. Re7+ Be5 54. Nxe5 fxe5 55. Rxa7 h4 56. Rh7 Rd2+ 57. Kf1 Rxb2 58. Rxh4+ Kd3 59. Rb4 Rxb4 60. cxb4 Kd2 0-1

[Event "EU-ch 16th"]
[Site "Jerusalem"]
[Date "2015.03.03"]
[Round "7"]
[White "Iovcov, Valerii"]
[Black "Babula, Vlastimil"]
[Result "0-1"]
[WhiteElo "2368"]
[BlackElo "2545"]
[PlyCount "84"]
[EventDate "2015.02.24"]
[EventType "swiss"]
[EventRounds "11"]
[EventCountry "ISR"]
[SourceTitle "CBM 166"]
[Source "ChessBase"]
[SourceDate "2015.05.11"]
[SourceVersion "1"]
[SourceVersionDate "2015.05.11"]
[SourceQuality "1"]

1. e4 c5 2. Nf3 e6 3. c4 Nc6 4. Nc3 Nd4 5. g3 Ne7 6. Bg2 Nec6 7. 0-0 Be7 8. d3 0-0 9. Nxd4 cxd4 10. Ne2 Rb8 11. e5 b5 12. b3 Qb6 13. Bb2 Bb7 14. cxb5 Qxb5 15. Bxd4 Nxd4 16. Nxd4 Qxe5 17. Bxb7 Qxd4 18. Bg2 Rfc8 19. Rc1 Rc3 20. Rxc3 Qxc3 21. Qf3 Bf6 22. Qf4 Rc8 23. Qd6 Qd4 24. Qa6 Rc2 25. b4 g6 26. b5 Be7 27. Qb7 Bc5 28. Qe4 Rxa2 29. Bf3 Rb2 30. Bd1 d5 31. Qxd4 Bxd4 32. Kg2 Rxb5 33. Bc2 Rb2 34. Ba4 a5 35. Kf3 h5 36. h4 Kf8 37. Bc6 Ke7 38. Ba4 Rb4 39. Bc2 a4 40. Rb1 Rxb1 41. Bxb1 Kd6 42. Bc2 a3 0-1

[Event "EU-ch 16th"]
[Site "Jerusalem"]
[Date "2015.02.25"]
[Round "2"]
[White "Iovcov, Valerii"]
[Black "Mamedov, Rauf"]
[Result "1-0"]
[WhiteElo "2368"]
[BlackElo "2650"]
[PlyCount "73"]
[EventDate "2015.02.24"]
[EventType "swiss"]
[EventRounds "11"]
[EventCountry "ISR"]
[SourceTitle "CBM 166"]
[Source "ChessBase"]
[SourceDate "2015.05.11"]
[SourceVersion "1"]
[SourceVersionDate "2015.05.11"]
[SourceQuality "1"]

1. e4 d6 2. d4 Nf6 3. Bd3 g6 4. Nf3 Bg7 5. 0-0 0-0 6. Re1 Nc6 7. c3 e5 8. h3 Re8 9. d5 Ne7 10. c4 h6 11. Nc3 g5 12. h4 g4 13. Nh2 c6 14. g3 h5 15. Bg5 Nh7 16. Qd2 Rf8 17. dxc6 bxc6 18. Rad1 Be6 19. Be2 Qc7 20. Qxd6 Qxd6 21. Rxd6 Nxg5 22. hxg5 Rfd8 23. Red1 Rxd6 24. Rxd6 Bf8 25. f3 gxf3 26. Nxf3 Bg4 27. Nh4 Nd5 28. Rxc6 Nxc3 29. Bxg4 Nxe4 30. Bxh5 Rd8 31. g6 fxg6 32. Bxg6 Ng5 33. Bh5 Ne4 34. Bf3 Bc5+ 35. Kh2 Rd2+ 36. Ng2 Ng5 37. Rg6+ 1-0

[Event "EU-ch 16th"]
[Site "Jerusalem"]
[Date "2015.02.24"]
[Round "1"]
[White "Nisipeanu, Liviu Dieter"]
[Black "Iovcov, Valerii"]
[Result "1/2-1/2"]
[WhiteElo "2654"]
[BlackElo "2368"]
[PlyCount "127"]
[EventDate "2015.02.24"]
[EventType "swiss"]
[EventRounds "11"]
[EventCountry "ISR"]
[SourceTitle "CBM 166"]
[Source "ChessBase"]
[SourceDate "2015.05.11"]
[SourceVersion "1"]
[SourceVersionDate "2015.05.11"]
[SourceQuality "1"]

1. d4 Nf6 2. c4 e6 3. Nf3 d5 4. Nc3 c6 5. g3 Nbd7 6. Bg2 Be7 7. 0-0 0-0 8. Qd3 b6 9. Rd1 Ba6 10. b3 Rc8 11. e4 c5 12. exd5 Nxd5 13. Nxd5 exd5 14. Qf5 dxc4 15. dxc5 Bf6 16. Bg5 Rxc5 17. Bxf6 Nxf6 18. Qxc5 bxc5 19. Rxd8 Rxd8 20. Bf1 Bb7 21. Ne5 c3 22. Rc1 Ne4 23. f3 Nd2 24. Rxc3 f6 25. Nd3 Ba6 26. Be2 Nb1 27. Rc1 Bxd3 28. Bxd3 Rxd3 29. Rxb1 Rxf3 30. Rc1 Rd3 31. Rxc5 Rd1+ 32. Kg2 Rd2+ 33. Kf3 Rxa2 34. h4 Rb2 35. Rc8+ Kf7 36. Rc7+ Kg6 37. Rxa7 Rxb3+ 38. Kg2 Rb2+ 39. Kf3 Rb3+ 40. Kg2 Re3 41. Kf2 Rd3 42. Rb7 Rd6 43. Kf3 f5 44. h5+ Kh6 45. Rf7 Rd3+ 46. Kg2 Rd2+ 47. Kf3 Rd3+ 48. Kg2 g6 49. hxg6 hxg6 50. g4 fxg4 51. Rf8 Kg5 52. Ra8 Rf3 53. Rb8 Kf4 54. Rb4+ Kg5 55. Rb8 Rc3 56. Ra8 g3 57. Ra4 Kf5 58. Rb4 g5 59. Ra4 g4 60. Ra8 Rf3 61. Rf8+ Ke4 62. Re8+ Kd3 63. Rg8 Ke2 64. Re8+ 1/2-1/2

[Event "MDA-ch"]
[Site "Kishinev"]
[Date "2015.02.05"]
[Round "10"]
[White "Vavric, Pavel"]
[Black "Iovcov, Valerii"]
[Result "1/2-1/2"]
[WhiteElo "2253"]
[BlackElo "2368"]
[PlyCount "136"]
[EventDate "2015.01.27"]
[EventType "tourn"]
[EventRounds "11"]
[EventCountry "MDA"]
[EventCategory "2"]
[SourceTitle "CBM 164 Extra"]
[Source "ChessBase"]
[SourceDate "2015.03.02"]
[SourceVersion "1"]
[SourceVersionDate "2015.03.02"]
[SourceQuality "1"]

1. e4 e5 2. Nc3 Nc6 3. f4 exf4 4. Bc4 Qh4+ 5. Kf1 Bc5 6. Qe2 Nd4 7. Nf3 Nxe2 8. Nxh4 Nxc1 9. Rxc1 Ne7 10. Nf3 0-0 11. d4 Bb6 12. Ke2 d6 13. Rcf1 Nc6 14. Kd3 Bxd4 15. Bxf7+ Rxf7 16. Nxd4 Ne5+ 17. Kd2 Bd7 18. Nd5 c6 19. Nc3 g5 20. b3 Raf8 21. h3 h5 22. Nf3 Rg7 23. Ne2 g4 24. hxg4 Bxg4 25. Rh2 Kh7 26. Ned4 c5 27. Ne2 Kh6 28. Nh4 f3 29. Ng3 fxg2 30. Rxg2 Rxf1 31. Nxf1 Nf3+ 32. Nxf3 Bxf3 33. Rxg7 Kxg7 34. Ke3 Bg4 35. Kf4 Kf6 36. Nd2 Be2 37. Nb1 Bd1 38. Na3 a6 39. Nc4 Ke6 40. Ne3 Be2 41. Nf5 d5 42. exd5+ Kxd5 43. c3 Ke6 44. Ng3 Bg4 45. Ne4 b6 46. Nd2 Kd5 47. Nc4 Kc6 48. Ne5+ Kd5 49. Nc4 Be6 50. Nxb6+ Kc6 51. Na4 h4 52. Nb2 Kd5 53. Nd1 a5 54. Ne3+ Kd6 55. Nf1 c4 56. Nd2 cxb3 57. axb3 h3 58. Kg3 Ke5 59. Nf3+ Kd5 60. Kf4 Kd6 61. c4 Bxc4 62. bxc4 a4 63. Kg3 a3 64. Nd2 Kc5 65. Nb3+ Kxc4 66. Nc1 Kc3 67. Na2+ Kb2 68. Nb4 Kb3 1/2-1/2

[Event "MDA-ch"]
[Site "Kishinev"]
[Date "2015.02.03"]
[Round "8"]
[White "Iovcov, Valerii"]
[Black "Morozov, Nichita"]
[Result "1-0"]
[WhiteElo "2368"]
[BlackElo "2271"]
[PlyCount "69"]
[EventDate "2015.01.27"]
[EventType "tourn"]
[EventRounds "11"]
[EventCountry "MDA"]
[EventCategory "2"]
[SourceTitle "CBM 164 Extra"]
[Source "ChessBase"]
[SourceDate "2015.03.02"]
[SourceVersion "1"]
[SourceVersionDate "2015.03.02"]
[SourceQuality "1"]

1. e4 g6 2. d4 Bg7 3. Nf3 d6 4. c3 Nd7 5. Bd3 e5 6. 0-0 Ne7 7. Re1 0-0 8. Nbd2 exd4 9. cxd4 Nc6 10. Nb3 a5 11. Bg5 Qe8 12. Be3 Nb4 13. Bb1 c5 14. Bf4 a4 15. Nbd2 a3 16. bxa3 Nc6 17. Bxd6 Nxd4 18. e5 Ra6 19. Nxd4 cxd4 20. Nf3 Rxd6 21. exd6 Qd8 22. Bc2 Qb6 23. Rb1 Qxd6 24. Rb4 Rd8 25. Nxd4 Nf8 26. Nb5 Qb6 27. Qf3 Ne6 28. Nd4 Qc5 29. Nxe6 Bxe6 30. Bb3 Bc3 31. Bxe6 fxe6 32. Rxb7 Rf8 33. Qe3 Bd4 34. Qxe6+ Kh8 35. Qe7 1-0

[Event "MDA-ch"]
[Site "Kishinev"]
[Date "2015.01.31"]
[Round "5"]
[White "Ogleznev, Alexandr"]
[Black "Iovcov, Valerii"]
[Result "1/2-1/2"]
[WhiteElo "2264"]
[BlackElo "2368"]
[PlyCount "121"]
[EventDate "2015.01.27"]
[EventType "tourn"]
[EventRounds "11"]
[EventCountry "MDA"]
[EventCategory "2"]
[SourceTitle "CBM 164 Extra"]
[Source "ChessBase"]
[SourceDate "2015.03.02"]
[SourceVersion "1"]
[SourceVersionDate "2015.03.02"]
[SourceQuality "1"]

1. d4 Nf6 2. Nf3 e6 3. c4 d5 4. Nc3 Bb4 5. Qa4+ Nc6 6. cxd5 exd5 7. Bg5 0-0 8. e3 h6 9. Bxf6 Qxf6 10. Be2 Be6 11. Rc1 a6 12. 0-0 Bd6 13. Qb3 Ne7 14. Na4 b6 15. Qc3 Ng6 16. Qd2 Bc8 17. Nc3 Bb7 18. Rb1 h5 19. b4 h4 20. Rfc1 Rae8 21. Qd1 Qe6 22. Qf1 f5 23. Bxa6 Bxa6 24. Qxa6 f4 25. Qb5 fxe3 26. Qxd5 exf2+ 27. Kxf2 Bxh2 28. Qxe6+ Rxe6 29. Ne2 h3 30. Rh1 Rfe8 31. Rxh2 Rxe2+ 32. Kg3 hxg2 33. Rxg2 Rxg2+ 34. Kxg2 Re2+ 35. Kg3 Rxa2 36. Rc1 Ra7 37. Kg4 Kf7 38. Ng5+ Ke7 39. Rf1 Kd6 40. Rf7 Ne7 41. Ne4+ Ke6 42. Ng5+ Kd6 43. Ne4+ Ke6 44. Ng5+ Kd7 45. Rxg7 Ra4 46. Kf4 Rxb4 47. Ke5 Rb5+ 48. Ke4 Rb2 49. Rh7 Rg2 50. Nf3 Re2+ 51. Kd3 Re6 52. d5 Rf6 53. Ne5+ Kd6 54. Nc4+ Kd7 55. Ne5+ Ke8 56. Rh8+ Rf8 57. Rxf8+ Kxf8 58. d6 cxd6 59. Nd7+ Kf7 60. Nxb6 Ke6 61. Nc4 1/2-1/2

[Event "MDA-ch"]
[Site "Kishinev"]
[Date "2015.01.29"]
[Round "3"]
[White "Cerbulenco, Liviu"]
[Black "Iovcov, Valerii"]
[Result "0-1"]
[WhiteElo "2273"]
[BlackElo "2368"]
[PlyCount "92"]
[EventDate "2015.01.27"]
[EventType "tourn"]
[EventRounds "11"]
[EventCountry "MDA"]
[EventCategory "2"]
[SourceTitle "CBM 164 Extra"]
[Source "ChessBase"]
[SourceDate "2015.03.02"]
[SourceVersion "1"]
[SourceVersionDate "2015.03.02"]
[SourceQuality "1"]

1. e4 c6 2. d4 d5 3. e5 Bf5 4. Nf3 e6 5. Be2 Ne7 6. 0-0 Bg6 7. Nbd2 Nf5 8. Nb3 Nd7 9. Bd2 Rc8 10. Rc1 h6 11. Ba5 b6 12. Bd2 Be7 13. c4 0-0 14. cxd5 cxd5 15. Bc3 Nb8 16. Ne1 Nc6 17. g3 f6 18. Nd3 fxe5 19. dxe5 Bg5 20. Ra1 Rc7 21. Bf3 Rcf7 22. Nb4 Nce7 23. Bd2 Bxd2 24. Nxd2 Nd4 25. Bg2 a5 26. Nb1 Nf3+ 27. Bxf3 Rxf3 28. Nc2 Nc6 29. Nd2 Nxe5 30. Nd4 R3f6 31. f4 Nd3 32. Qe2 Nc5 33. Rfc1 e5 34. fxe5 Rf2 35. Qe3 Be4 36. Nxe4 dxe4 37. Rxc5 bxc5 38. Ne6 Qd2 39. Qxd2 Rxd2 40. Nxf8 Kxf8 41. b3 Ke7 42. a4 Ke6 43. Rc1 e3 44. Re1 Rd3 45. Kg2 Kxe5 46. Rc1 Kd5 0-1

[Event "MDA-ch"]
[Site "Kishinev"]
[Date "2015.01.28"]
[Round "2"]
[White "Iovcov, Valerii"]
[Black "Sanduleac, Vasile"]
[Result "1-0"]
[WhiteElo "2368"]
[BlackElo "2393"]
[PlyCount "83"]
[EventDate "2015.01.27"]
[EventType "tourn"]
[EventRounds "11"]
[EventCountry "MDA"]
[EventCategory "2"]
[SourceTitle "CBM 164 Extra"]
[Source "ChessBase"]
[SourceDate "2015.03.02"]
[SourceVersion "1"]
[SourceVersionDate "2015.03.02"]
[SourceQuality "1"]

1. e4 g6 2. d4 Bg7 3. Nf3 d6 4. c3 Nf6 5. Bd3 0-0 6. 0-0 Nc6 7. Nbd2 e5 8. Re1 Nh5 9. Nb3 Bg4 10. Be2 Nf4 11. Bxf4 exf4 12. h3 Bd7 13. Qd2 Qf6 14. e5 dxe5 15. dxe5 Qe7 16. Bc4 Rae8 17. Rad1 Bc8 18. Nbd4 Nxe5 19. Nxe5 Bxe5 20. Nf3 Qc5 21. Nxe5 Rxe5 22. Qxf4 Rxe1+ 23. Rxe1 Kg7 24. b4 Qd6 25. Qxd6 cxd6 26. Re7 a6 27. a4 Kf6 28. Rc7 Ke5 29. Rxf7 Rxf7 30. Bxf7 d5 31. Kf1 Bd7 32. a5 Bc6 33. g3 Ke4 34. Ke2 Bb5+ 35. Kd2 Bd7 36. f3+ Ke5 37. h4 d4 38. c4 Bc6 39. Ke2 d3+ 40. Kxd3 Bxf3 41. Ke3 Bc6 42. g4 1-0

[Event "EU-ch U18 24th"]
[Site "Batumi"]
[Date "2014.10.22"]
[Round "4"]
[White "Iovcov, Valerii"]
[Black "Yuffa, Daniil"]
[Result "1/2-1/2"]
[WhiteElo "2224"]
[BlackElo "2449"]
[PlyCount "157"]
[EventDate "2014.10.19"]
[EventType "swiss"]
[EventRounds "9"]
[EventCountry "GEO"]
[SourceTitle "EXT 2015"]
[Source "ChessBase"]
[SourceDate "2014.11.20"]
[SourceVersion "1"]
[SourceVersionDate "2014.11.20"]
[SourceQuality "1"]

1. e4 c6 2. d4 d5 3. e5 Bf5 4. Nf3 e6 5. Be2 c5 6. c3 Nc6 7. 0-0 cxd4 8. Nxd4 Nxd4 9. cxd4 Ne7 10. Nc3 Nc6 11. Be3 Be7 12. Rc1 0-0 13. g4 Bg6 14. f4 f6 15. Qd2 fxe5 16. fxe5 Qa5 17. a3 Rad8 18. Kg2 Qb6 19. Na4 Qb3 20. Rxf8+ Rxf8 21. Nc5 Bxc5 22. Rxc5 Be4+ 23. Kg3 Qb6 24. b4 Qd8 25. Rc1 Ne7 26. Rf1 Rxf1 27. Bxf1 Nc8 28. Bg5 Qf8 29. Qf4 Qe8 30. Qc1 h6 31. Bf4 Nb6 32. b5 Nc4 33. Bxc4 dxc4 34. Qxc4 Qg6 35. h4 Bd5 36. Qe2 Qb1 37. Be3 Qb3 38. Kf4 Qxa3 39. g5 Qe7 40. Kg3 hxg5 41. Bxg5 Qa3+ 42. Be3 Qb3 43. h5 Qb1 44. h6 Qg6+ 45. Qg4 Qxg4+ 46. Kxg4 b6 47. Bg5 gxh6 48. Bxh6 Kf7 49. Kf4 Ke7 50. Ke3 Bc4 51. Bg5+ Kd7 52. d5 exd5 53. Kd4 Ke6 54. Bd8 Bxb5 55. Bc7 Kd7 56. Bb8 a5 57. Kxd5 Bc6+ 58. Kd4 Bf3 59. e6+ Kc6 60. e7 Bh5 61. Ba7 b5 62. Bc5 Bf7 63. Ba3 Kb6 64. Bc5+ Kb7 65. Ba3 Kb6 66. Bc5+ Ka6 67. Bd6 Kb6 68. Bc5+ Kc6 69. Ba3 Be8 70. Bc5 Bd7 71. Ba3 Kb6 72. Bc5+ Kb7 73. Ba3 Ka6 74. Bd6 b4 75. Kc5 Be8 76. Bc7 Bf7 77. Bf4 Bg6 78. Bd2 Bf7 79. Bxb4 1/2-1/2

[Event "EU-chT U18"]
[Site "Iasi"]
[Date "2014.07.21"]
[Round "7.3"]
[White "Scripcaru, George Daniel"]
[Black "Iovcov, Valerii"]
[Result "0-1"]
[WhiteElo "2062"]
[BlackElo "2173"]
[PlyCount "120"]
[EventDate "2014.07.15"]
[EventType "team-swiss"]
[EventRounds "7"]
[EventCountry "ROU"]
[SourceTitle "CBM 161 Extra"]
[Source "ChessBase"]
[SourceDate "2014.08.29"]
[SourceVersion "1"]
[SourceVersionDate "2014.08.29"]
[SourceQuality "1"]
[WhiteTeam "Romania U18 III"]
[BlackTeam "Moldova U18"]
[WhiteTeamCountry "ROU"]
[BlackTeamCountry "MDA"]

1. e4 c6 2. d4 d5 3. e5 Bf5 4. Nc3 e6 5. g4 Bg6 6. Nge2 c5 7. h4 h5 8. Nf4 Bh7 9. Nxh5 cxd4 10. Qxd4 Nc6 11. Bb5 Nge7 12. Bg5 a6 13. Bxc6+ Nxc6 14. Qa4 Qa5 15. Qxa5 Nxa5 16. 0-0-0 Rc8 17. Rh3 b5 18. a3 Nc4 19. f4 Bg6 20. Rg3 Bxh5 21. gxh5 Rxh5 22. f5 Nxe5 23. fxe6 fxe6 24. Re3 Bd6 25. Ne4 Bb8 26. Ng3 Rh8 27. Rde1 Kd7 28. Rxe5 Bxe5 29. Rxe5 Rcf8 30. Kd2 Kd6 31. Re1 e5 32. c3 a5 33. b3 Rf7 34. Ne2 Rf3 35. Ra1 Rc8 36. b4 a4 37. Be3 Ke6 38. Rg1 Kf6 39. h5 Kf7 40. Rg5 Re8 41. Nc1 Kf6 42. Rg6+ Kf7 43. Rb6 d4 44. cxd4 exd4 45. Bxd4 Rd8 46. Rb7+ Ke6 47. Ne2 Rxa3 48. Ke1 Ra2 49. Bxg7 Rdd2 50. Nd4+ Kd5 51. Nxb5 Kc6 52. Rb8 Rh2 53. Nd4+ Kd5 54. Rd8+ Kc4 55. Rc8+ Kd3 56. Nc2 Raxc2 57. Rxc2 Kxc2 58. h6 a3 59. b5 a2 60. b6 Rxh6 0-1

[Event "EU-chT U18"]
[Site "Iasi"]
[Date "2014.07.18"]
[Round "4.3"]
[White "Dragnev, Valentin"]
[Black "Iovcov, Valerii"]
[Result "1/2-1/2"]
[WhiteElo "2198"]
[BlackElo "2173"]
[PlyCount "106"]
[EventDate "2014.07.15"]
[EventType "team-swiss"]
[EventRounds "7"]
[EventCountry "ROU"]
[SourceTitle "CBM 161 Extra"]
[Source "ChessBase"]
[SourceDate "2014.08.29"]
[SourceVersion "1"]
[SourceVersionDate "2014.08.29"]
[SourceQuality "1"]
[WhiteTeam "Austria U18"]
[BlackTeam "Moldova U18"]
[WhiteTeamCountry "AUT"]
[BlackTeamCountry "MDA"]

1. d4 d5 2. c4 c6 3. Nf3 Nf6 4. e3 Bf5 5. Nc3 e6 6. Nh4 Bg6 7. Be2 Bd6 8. g3 Nbd7 9. 0-0 0-0 10. a3 a5 11. Nxg6 hxg6 12. Rb1 dxc4 13. Bxc4 e5 14. Qd3 Nb6 15. Ba2 Kh8 16. e4 Bc5 17. d5 Qd6 18. Be3 Rad8 19. Rfd1 Ng4 20. Bxc5 Qxc5 21. Qf3 Nf6 22. b4 axb4 23. axb4 Qe7 24. Qe3 Nc8 25. dxc6 bxc6 26. Qc5 Rd4 27. Qxc6 Rxb4 28. Rxb4 Qxb4 29. Rb1 Qd6 30. Qc4 Qd4 31. Qc7 Nxe4 32. Nxe4 Qxe4 33. Rb8 Qe1+ 34. Kg2 Qe4+ 35. Kg1 Qe1+ 36. Kg2 Qe4+ 37. Kf1 Qh1+ 38. Ke2 Qe4+ 39. Kd2 Qf5 40. Ke1 Qe4+ 41. Kd2 Qd4+ 42. Kc1 Rd8 43. Rxc8 Qa1+ 44. Bb1 Qa3+ 45. Kc2 Qa4+ 46. Kc3 Qa3+ 47. Kc2 Qa4+ 48. Kb2 Qb4+ 49. Ka1 Qd4+ 50. Ka2 Qa4+ 51. Kb2 Qb4+ 52. Kc2 Qa4+ 53. Kc3 Qa3+ 1/2-1/2

[Event "EU-chT U18"]
[Site "Iasi"]
[Date "2014.07.16"]
[Round "2.5"]
[White "Iovcov, Valerii"]
[Black "Bratkovic, Sham"]
[Result "1/2-1/2"]
[WhiteElo "2173"]
[BlackElo "2109"]
[PlyCount "103"]
[EventDate "2014.07.15"]
[EventType "team-swiss"]
[EventRounds "7"]
[EventCountry "ROU"]
[SourceTitle "CBM 161 Extra"]
[Source "ChessBase"]
[SourceDate "2014.08.29"]
[SourceVersion "1"]
[SourceVersionDate "2014.08.29"]
[SourceQuality "1"]
[WhiteTeam "Moldova U18"]
[BlackTeam "Slovenia U18"]
[WhiteTeamCountry "MDA"]
[BlackTeamCountry "SLO"]

1. e4 e5 2. Nf3 Nc6 3. Bc4 Nf6 4. d3 Be7 5. 0-0 0-0 6. Re1 d6 7. a4 Na5 8. Ba2 c5 9. c3 Nc6 10. Nbd2 h6 11. Nc4 Be6 12. Ne3 Qd7 13. Bd5 Bd8 14. Bc4 d5 15. Bb5 Bc7 16. exd5 Nxd5 17. Nc4 f6 18. a5 a6 19. Ba4 Rfd8 20. Qe2 Nde7 21. Rd1 Qc8 22. Be3 Nxa5 23. Bxc5 Nd5 24. Nxa5 Bxa5 25. d4 Nf4 26. Qe3 Bd5 27. h3 b5 28. Bc2 Bc7 29. Be4 Qb7 30. Bxd5+ Rxd5 31. dxe5 Bxe5 32. Rxd5 Qxd5 33. Bd4 Bxd4 34. cxd4 Ne6 35. Re1 Re8 36. Qa3 Qc6 37. Qb3 Qc4 38. Qxc4 bxc4 39. d5 Nc7 40. d6 Rxe1+ 41. Nxe1 Ne6 42. Nc2 Kf7 43. Ne3 Nc5 44. Nxc4 Ke6 45. Kf1 Kd5 46. Ne3+ Kxd6 47. Ke2 Ke5 48. Kd2 Ne4+ 49. Ke2 h5 50. Nc2 Nc5 51. Ke3 a5 52. b4 1/2-1/2

[Event "Kishinev op"]
[Site "Kishinev"]
[Date "2014.01.23"]
[Round "6"]
[White "Iovcov, Valerii"]
[Black "Macovei, Andrei"]
[Result "1/2-1/2"]
[WhiteElo "2178"]
[BlackElo "1889"]
[PlyCount "100"]
[EventDate "2014.01.18"]
[EventType "swiss"]
[EventRounds "9"]
[EventCountry "MDA"]
[SourceTitle "EXT 2016"]
[Source "ChessBase"]
[SourceDate "2015.10.08"]
[SourceVersion "1"]
[SourceVersionDate "2015.10.08"]
[SourceQuality "1"]

1. e4 c5 2. Nf3 Nc6 3. Bb5 e6 4. Bxc6 bxc6 5. b3 Ne7 6. d3 Ng6 7. Bb2 f6 8. h4 h5 9. e5 fxe5 10. Nxe5 Nxe5 11. Bxe5 d6 12. Bc3 e5 13. Nd2 Bg4 14. f3 Be6 15. Qe2 Be7 16. g3 Qd7 17. 0-0-0 0-0-0 18. Rde1 Rde8 19. Kb1 Rhf8 20. Rhf1 Bh3 21. Rh1 Be6 22. Rhf1 Bh3 23. Rg1 Be6 24. Qe3 Bd8 25. Rgf1 Bh3 26. Rf2 g6 27. Rh2 Bf5 28. Rhe2 Kb7 29. Ka1 Bc7 30. Qg1 Be6 31. Qg2 Kc8 32. Re3 Bb6 33. Nc4 Bc7 34. Qe2 Kb7 35. a4 Kc8 36. Qg2 Bd5 37. Qe2 Be6 38. Kb1 Kb7 39. Ka2 Ka8 40. Ka1 Kb7 41. Rb1 Ka8 42. Re1 Kb7 43. Qg2 Bd5 44. Qe2 Be6 45. Qd2 Bd5 46. Qe2 Be6 47. Rb1 Ka8 48. Qe1 Bd5 49. Qe2 Be6 50. Re1 Kb7 1/2-1/2